000 00537nam a2200205 a 4500
001 18518
003 CO-ViMGA
008 141112s2004 ck r 000 u spa d
020 _a8484521184
040 _aCO-ViMGA
_bspa
_cCO-ViMGA
082 0 4 _aDASi
100 1 _aDas, Prodeepta
_926363
245 1 0 _aI de India
260 _aBarcelona (España),
_cIntermón,
_c1996
300 _a26.p.
590 _aForma de adquisición : Premio - Mincultura
650 1 4 _aSOLIDARIDAD
_919847
650 1 4 _aVALORES SOCIALES
_97781
942 _2ddc
_cBK
999 _c27796
_d27796